000 00509nam a2200145 a 4500
001 000037996
005 20250211094044.0
008 130311s2008 dr 000 0 spa d
040 _aDO-SdBNP
_bspa
_cBNPHU
110 1 _aRepública Dominicana. Consejo Nacional de Reforma del Estado
_964396
240 0 _a[Leyes, Etc.]
245 1 0 _aPropuesta de modificación a la ley 659 sobre actos del estado civil.
260 _aSanto Domingo :
_bConsejo Nacional de Reforma del Estado,
_c2008.
300 _a44 p. ;
_c24 cm.
999 _c37486
_d37486